Belgium FIFA World Cup Players - Statistics

General Stats
  • This quiz has been taken 42 times
  • The average score is 21 of 163
Answer Stats
The Red Devils % Correct
Kevin De Bruyne
100%
Romelu Lukaku
92%
Eden Hazard
87%
Thorgan Hazard
87%
Thibaut Courtois
84%
Jan Vertonghen
74%
Axel Witsel
68%
Toby Alderweireld
66%
Vincent Kompany
63%
Dries Mertens
61%
Jérémy Doku
61%
Wilfried Van Moer
61%
Michy Batshuayi
58%
Marouane Fellaini
55%
Yannick Carrasco
55%
Youri Tielemans
53%
Divock Origi
47%
Daniel Van Buyten
45%
Loïs Openda
42%
Thomas Meunier
42%
Amadou Onana
39%
Leandro Trossard
37%
Nacer Chadli
37%
Thomas Vermaelen
37%
Timothy Castagne
37%
Adnan Januzaj
29%
Mousa Dembélé
29%
Moussa Dembélé
29%
Kevin Mirallas
24%
Marc Wilmots
24%
Charles De Ketelaere
18%
Émile Mpenza
18%
Jean-Marie Pfaff
18%
Leander Dendoncker
18%
Mbo Mpenza
18%
Michel Preud'homme
18%
Steven Defour
18%
Dedryck Boyata
16%
Enzo Scifo
16%
Bart Goor
13%
François Van der Elst
13%
Franky Van Der Elst
13%
Wesley Sonck
13%
Jan Ceulemans
11%
Leo Van Der Elst
11%
Luc Nilis
11%
Philippe Albert
11%
Timmy Simons
11%
Anthony Vanden Borre
8%
Eric Gerets
8%
Erwin Vandenbergh
8%
Geert De Vlieger
8%
Georges Grün
8%
Gert Verheyen
8%
Johan Walem
8%
Nicolas Lombaerts
8%
René Vandereycken
8%
René Verheyen
8%
Danny Boffin
5%
Émile Stijnen
5%
Éric Deflandre
5%
Filip De Wilde
5%
Franky Vercauteren
5%
Jacky Peeters
5%
Josip Weber
5%
Lei Clijsters
5%
Lorenzo Staelens
5%
Luis Oliveira
5%
Marc Degryse
5%
Michel Renquin
5%
Nico Claesen
5%
Nico Van Kerckhoven
5%
Paul Van Himst
5%
Philippe Vande Walle
5%
Alexandre Czerniatynski
3%
Alfons De Winter
3%
Bernard Voorhoof
3%
Bertrand Crasson
3%
Branko Strupar
3%
Bruno Versavel
3%
Ferdinand Adams
3%
Glen De Boeck
3%
Gordan Vidović
3%
Henri Coppens
3%
Jacky Munaron
3%
Joseph Mermans
3%
Marc Emmers
3%
Marc Van Der Linden
3%
Michel De Wolf
3%
Mike Verstraeten
3%
Peter Van Der Heyden
3%
Raymond Mommens
3%
Rudi Smidts
3%
Stéphane Demol
3%
Sven Vermant
3%
Vital Borkelmans
3%
Yves Vanderhaeghe
3%
Albert Heremans
0%
Alfons Van Brandt
0%
André Vandewyer
0%
Arnold Badjou
0%
August Hellemans
0%
Charles Vanden Wouwer
0%
Christian Piot
0%
Constant Huysmans
0%
Constant Joacim
0%
Corneel Seys
0%
Daniel Veyt
0%
Denis Houf
0%
Dirk Medved
0%
Eric Van Meir
0%
Félix Welkenhuysen
0%
Fernand Buyle
0%
François Devries
0%
Frans Peeraer
0%
Georges Heylens
0%
Gérard Delbeke
0%
Gerard Plessers
0%
Guy Vandersmissen
0%
Hendrik Isemborghs
0%
Henri De Deken
0%
Hippolyte Van den Bosch
0%
Hugo Broos
0%
Jacques Moeschal
0%
Jan Diddens
0%
Jean Capelle
0%
Jean Claessens
0%
Jean De Clercq
0%
Jean Dockx
0%
Jean Thissen
0%
Johan Devrindt
0%
John Van Alphen
0%
Laurent Grimmonprez
0%
Léon Jeck
0%
Léon Semmeling
0%
Léopold Anoul
0%
Léopold Gernaey
0%
Louis Carré
0%
Louis Versyp
0%
Luc Millecamps
0%
Ludo Coeck
0%
Marc Baecke
0%
Marcel Dries
0%
Marc Millecamps
0%
Maurits De Schrijver
0%
Nic Hoydonckx
0%
Nicolas Dewalque
0%
Odilon Polleunis
0%
Pascal Plovie
0%
Patrick Vervoort
0%
Philibert Smellinckx
0%
Philippe Clement
0%
Philippe Desmet
0%
Pierre Braine
0%
Pieter van den Bosch
0%
Raoul Lambert
0%
Raymond Braine
0%
Robert Paverick
0%
Theo Custers
0%
Theodore Nouwens
0%
Victor Mees
0%
Walter Meeuws
0%
Wilfried Puis
0%
No matching quizzes found
Score Distribution
Percent of People with Each Score
Percentile by Number Answered
Your Score History
You have not taken this quiz